A blueprint for corporate governance (E-Book) (Record no. 192271)

000 -LEADER
fixed length control field 01630 a2200277 4500
003 - CONTROL NUMBER IDENTIFIER
control field Nust
005 - DATE AND TIME OF LATEST TRANSACTION
control field 20170207154033.0
010 ## - LIBRARY OF CONGRESS CONTROL NUMBER
LC control number 2002014162
020 ## - INTERNATIONAL STANDARD BOOK NUMBER
International Standard Book Number 0-8144-0586-X
020 ## - INTERNATIONAL STANDARD BOOK NUMBER
International Standard Book Number 978-0-8144-0586-4
035 ## - SYSTEM CONTROL NUMBER
System control number (OCoLC)50549113
035 ## - SYSTEM CONTROL NUMBER
System control number (OCoLC)ocm50549113
040 ## - CATALOGING SOURCE
Transcribing agency Nust
082 00 - DEWEY DECIMAL CLASSIFICATION NUMBER
Classification number 658.4
100 1# - MAIN ENTRY--PERSONAL NAME
Personal name Kaen, Fred R.
245 12 - TITLE STATEMENT
Title A blueprint for corporate governance (E-Book)
Remainder of title strategy, accountability, and the preservation of shareholder value /
Statement of responsibility, etc. Fred R. Kaen
260 ## - PUBLICATION, DISTRIBUTION, ETC.
Place of publication, distribution, etc. New York :
Name of publisher, distributor, etc. AMACOM,
Date of publication, distribution, etc. cop. 2003
300 ## - PHYSICAL DESCRIPTION
Extent x, 227 s. :
Other physical details ill. ;
Dimensions 24 cm
505 00 - FORMATTED CONTENTS NOTE
Title Corporate Governance An Overview (Page-1)The Governance Structure of American Corporations (Page-17) Markets: Can You Trust Them? (Page-33) Valuation (Page-57) Corporate Governance Issues in Investment Decisions (Page-73) Corporate Governance Issues and the Financing Decision (Page-89) Corporate Governance Dividend disuses (Page-105) Corporate Governance and Managerial Compensation (Page-117) The Corporate Control Market (Page-149) The Board of Directors and Shareholders Rights (Page-169) Alternative Governance Systems: Germany and Japan (Page-187)
-- Corporate governance dividend issues --
-- Corporate governance and managerial compensation --
-- Corporate control market --
-- Board of directors and shareholders rights --
-- Alternative governance systems : Germany and Japan
650 #7 - SUBJECT ADDED ENTRY--TOPICAL TERM
Topical term or geographic name entry element Bolagsstyrning
650 #7 - SUBJECT ADDED ENTRY--TOPICAL TERM
Topical term or geographic name entry element Corporate governance
650 #7 - SUBJECT ADDED ENTRY--TOPICAL TERM
Topical term or geographic name entry element Corporate governance
650 #7 - SUBJECT ADDED ENTRY--TOPICAL TERM
Topical term or geographic name entry element Corporate governance
Geographic subdivision United States
651 ## - SUBJECT ADDED ENTRY--GEOGRAPHIC NAME
Geographic name (E-Book)
856 41 - ELECTRONIC LOCATION AND ACCESS
Materials specified Table of contents
Uniform Resource Identifier <a href="http://www.loc.gov/catdir/toc/fy038/2002014162.html">http://www.loc.gov/catdir/toc/fy038/2002014162.html</a>
942 ## - ADDED ENTRY ELEMENTS (KOHA)
Source of classification or shelving scheme
Koha item type Book
Holdings
Withdrawn status Lost status Source of classification or shelving scheme Damaged status Not for loan Collection code Permanent Location Current Location Date acquired Total Checkouts Full call number Barcode Date last seen Price effective from Koha item type
            Military College of Signals (MCS) Military College of Signals (MCS) 12/12/2016   658.4 MCSEB-1413 12/08/2016 12/12/2016 Book
© 2023 Central Library, National University of Sciences and Technology. All Rights Reserved.